Elogio della Costituzione / (Record n. 357849)

Dettagli MARC
000 -LEADER
fixed length control field 00896nam a2200253 a 4500
001 - CONTROL NUMBER
control field 000000431345
003 - CONTROL NUMBER IDENTIFIER
control field IT-MiSPE
005 - DATE AND TIME OF LATEST TRANSACTION
control field 20180507170047.0
008 - FIXED-LENGTH DATA ELEMENTS--GENERAL INFORMATION
fixed length control field 180123s2017 it 000 0 ita d
020 ## - INTERNATIONAL STANDARD BOOK NUMBER
International Standard Book Number 9788831549295
Terms of availability 15.00 EUR
040 ## - CATALOGING SOURCE
Original cataloging agency IT-MiSPE
Language of cataloging ita
Modifying agency ml
Transcribing agency IT-MiSPE
082 ## - DEWEY DECIMAL CLASSIFICATION NUMBER
Classification number 342.02-FLI gi el (23140)
100 1# - MAIN ENTRY--PERSONAL NAME
Personal name Flick, Giovanni Maria,
Dates associated with a name 1940-,
Relator term autore.
9 (RLIN) 57073
245 10 - TITLE STATEMENT
Title Elogio della Costituzione /
Statement of responsibility, etc. Giovanni Maria Flick.
260 ## - PUBLICATION, DISTRIBUTION, ETC. (IMPRINT)
Place of publication, distribution, etc. Milano :
Name of publisher, distributor, etc. Paoline,
Date of publication, distribution, etc. ©2017.
300 ## - PHYSICAL DESCRIPTION
Extent 162 p. ;
Dimensions 22 cm
490 1# - SERIES STATEMENT
Series statement Saggistica Paoline ;
Volume/sequential designation 078
655 #7 - INDEX TERM--GENRE/FORM
Genre/form data or focus term Diritto civile
General subdivision Diritto pubblico, costituzionale, amministrativo.
Source of term local
9 (RLIN) 57074
655 #7 - INDEX TERM--GENRE/FORM
Genre/form data or focus term Costituzioni e Istituzioni politiche nei vari Paesi
General subdivision Italia.
Source of term local
9 (RLIN) 57075
830 #0 - SERIES ADDED ENTRY--UNIFORM TITLE
Uniform title Saggistica Paoline ;
Volume number/sequential designation 078.
9 (RLIN) 57076
942 ## - ADDED ENTRY ELEMENTS (KOHA)
Source of classification or shelving scheme Dewey Decimal Classification
Koha item type LIBRO
Dati di copia
Withdrawn status Lost status Source of classification or shelving scheme Damaged status Not for loan Home library Current library Date acquired Total Checkouts Full call number Barcode Date last seen Price effective from Koha item type
    Dewey Decimal Classification Buone Condizioni Not For Loan CINISELLO CINISELLO 07/05/2018   342.02-FLI gi el (23140) 9788831549295 07/05/2018 07/05/2018 LIBRO
CREDITS: SOCIETA' SAN PAOLO Via A.Severo, 58 - ROMA (RM) & PERIODICI SAN PAOLO SRL Via Giotto, 36 MILANO & CISF Via Giotto, 36 MILANO & EDIZIONI SAN PAOLO SRL,  Piazza Soncino, 5 CINISELLO BALSAMO (MI) -- ITALY